000 01010nam a22002537a 4500
005 20080923102150.0
008 080923t xxu||||| |||| 00| 0 eng d
010 _aENG-91046
020 _c80.00
_a9788190720014
035 _aEN-74579
037 _bDBAD / PUB
040 _adpl
_bEnglish
082 _a883.08
100 _aSaburunnisa, A.
245 _aGraham Greene and R.K. Narayan:
_cby A. Saburunnisa
_ba comparative study /
260 _aChennai
_bImage & Impression
_c2008
270 _bChennai
_a11/29 Subramaniam Street, Abiramapuram
_e600018
300 _a102p.
_c18cm (pbk)
600 _aGreene, Graham, 1904-1991
_xCriticism and interpretation
600 _aNarayan, R.K.
_xCriticism and interpretation
650 _aEnglish fiction
_xCriticism and interpretation
942 _2ddc
_cEN
_mSAB
_h883.08
999 _c15602
_d15602